| 000 | 00612nam a2200181Ia 4500 | ||
|---|---|---|---|
| 003 | IN-BaIIA | ||
| 008 | 211028s9999 xx 000 0 eng d | ||
| 040 | _cIIA Library | ||
| 080 |
_a550.38 _bFIU |
||
| 100 |
_aFluiters, Jose Cubillo _9546 |
||
| 245 | 0 |
_aCarta nacional de declinaciones magneticas _bvol. I _cJose Cubillo Fluiters and Instituto Geografico y Catastral |
|
| 260 |
_aMadrid _bInstituto Geografico Y Catastral _c1950 |
||
| 300 | _a267p. | ||
| 650 | _aAstronomy and Astrophysics Thesaurus | ||
| 650 |
_aTerrestrial Magnetism _9547 |
||
| 710 |
_aInstituto Geografico y Catastral _9548 |
||
| 942 | _cBK | ||
| 999 |
_c282 _d282 |
||